000 01332 a2200229 4500
001 248
005 20260407155416.0
008 260407a2009 arg spa d
003 AR-UNSa-BCEJYS
040 _aAR-UNSa-BCEJYS
_bspa
_cAR-UNSa-BCEJYS
080 _a657.2
_xAsientos contables. registro. registro de entradas. movimientos (Plan de cuentas)
245 1 0 _aPlanes de cuentas y manuales de procedimientos contables
020 _a978-987-03-1372-4
250 _a1a. ed
264 1 _aBuenos Aires :
_bLa Ley
_c2009
300 _axxxiv, 478 p.
_c24 cm
505 _a1. Planes de cuentas y manuales de procedimientos contables 2. Clases de cuentas 3. Preparación de un plan de cuentas 4. Preparación de un manual de procedimientos contables 5. Hechos que obligan a crear cuentas 6. Identificación y utilización de atributos 7. Codificación de cuentas, grupos y atributos 8. Problemas que ocasiona la preparación del estado de flujo de efectivo 9. Consideración de normas legales y modelos 10. Menús de cuentas11. Ejemplo de manual de procedimientos contables
942 _cBK
590 _aniveau_biblio:m niveau_hierar:0
100 1 _aFowler Newton, Enrique
856 4 1 _uhttps://biblioeco.unsa.edu.ar/pmb/images/libros/Planes de cuentas y manuales de procedimientos contables2-l117626.jpg
_yImagen de portada
_qimage/jpeg
999 _c163
_d163